[Event "ODJM C 2024"]
[Site "Willingen GER"]
[Date "2024.05.21"]
[Round "4"]
[White "Pawlus, Daniel"]
[Black "Martens, Nele"]
[Result "1-0"]
[Termination "normal"]
[Board "35"]
[WhiteElo "1060"]
[BlackElo "762"]
[WhiteClock "00:58:38"]
[BlackClock "01:22:36"]
[PlyCount "67"]
[WhiteFideId "34672320"]
[BlackFideId "533001952"]
[EventCountry "GER"]
[EventRounds "9"]
[EventType "swiss"]
[EventDate "2024.05.18"]

1. d4 {[%clk 01:30:57]} {[%emt 00:00:03]} d5 {[%clk 01:30:53]} {[%emt
00:00:07]} 2. c4 {[%clk 01:30:59]} {[%emt 00:00:28]} e6 {[%clk 01:31:14]}
{[%emt 00:00:08]} 3. Nc3 {[%clk 01:31:07]} {[%emt 00:00:23]} Bb4 {[%clk
01:31:01]} {[%emt 00:00:42]} 4. Nf3 {[%clk 01:30:09]} {[%emt 00:01:28]} Nf6
{[%clk 01:31:02]} {[%emt 00:00:29]} 5. Bg5 {[%clk 01:28:12]} {[%emt 00:02:27]}
h6 {[%clk 01:31:19]} {[%emt 00:00:12]} 6. Bh4 {[%clk 01:27:52]} {[%emt
00:00:50]} Nc6 {[%clk 01:31:34]} {[%emt 00:00:16]} 7. e3 {[%clk 01:26:56]}
{[%emt 00:01:27]} Bd7 {[%clk 01:31:33]} {[%emt 00:00:29]} 8. a3 {[%clk
01:25:07]} {[%emt 00:02:20]} Bxc3+ {[%clk 01:29:30]} {[%emt 00:02:32]} 9. bxc3
{[%clk 01:25:26]} {[%emt 00:00:12]} Qe7 {[%clk 01:29:14]} {[%emt 00:00:45]} 10.
cxd5 {[%clk 01:25:03]} {[%emt 00:00:55]} exd5 {[%clk 01:29:24]} {[%emt
00:00:20]} 11. c4 {[%clk 01:25:27]} {[%emt 00:00:06]} Be6 {[%clk 01:28:54]}
{[%emt 00:00:58]} 12. cxd5 {[%clk 01:23:41]} {[%emt 00:02:17]} Bxd5 {[%clk
01:29:13]} {[%emt 00:00:11]} 13. Be2 {[%clk 01:21:22]} {[%emt 00:02:49]} O-O-O
{[%clk 01:28:22]} {[%emt 00:01:21]} 14. O-O {[%clk 01:19:56]} {[%emt 00:01:56]}
Qe6 {[%clk 01:27:47]} {[%emt 00:01:04]} 15. Qb1 {[%clk 01:09:26]} {[%emt
00:11:00]} b6 {[%clk 01:26:43]} {[%emt 00:01:34]} 16. Bd3 {[%clk 01:08:00]}
{[%emt 00:01:55]} Bxf3 {[%clk 01:26:08]} {[%emt 00:01:06]} 17. Bf5 {[%clk
01:06:27]} {[%emt 00:02:03]} Be2 {[%clk 01:25:04]} {[%emt 00:01:33]} 18. Bxe6+
{[%clk 01:06:33]} {[%emt 00:00:25]} fxe6 {[%clk 01:25:20]} {[%emt 00:00:15]}
19. Re1 {[%clk 01:05:20]} {[%emt 00:01:42]} Bg4 {[%clk 01:25:05]} {[%emt
00:00:45]} 20. Bxf6 {[%clk 01:04:45]} {[%emt 00:01:05]} gxf6 {[%clk 01:25:21]}
{[%emt 00:00:13]} 21. Qb5 {[%clk 01:03:23]} {[%emt 00:01:52]} Ne7 {[%clk
01:23:56]} {[%emt 00:01:55]} 22. Qa6+ {[%clk 01:02:45]} {[%emt 00:01:09]} Kb8
{[%clk 01:24:05]} {[%emt 00:00:21]} 23. a4 {[%clk 01:00:49]} {[%emt 00:02:27]}
Nc6 {[%clk 01:23:29]} {[%emt 00:01:05]} 24. Rec1 {[%clk 01:00:15]} {[%emt
00:01:02]} Rd6 {[%clk 01:22:57]} {[%emt 00:01:05]} 25. Qb5 {[%clk 00:58:30]}
{[%emt 00:02:14]} Kb7 {[%clk 01:23:01]} {[%emt 00:00:26]} 26. a5 {[%clk
00:58:40]} {[%emt 00:00:21]} a6 {[%clk 01:23:08]} {[%emt 00:00:23]} 27. Qb3
{[%clk 00:58:30]} {[%emt 00:00:36]} Kc8 {[%clk 01:22:52]} {[%emt 00:00:48]} 28.
axb6 {[%clk 00:58:41]} {[%emt 00:00:20]} Na5 {[%clk 01:22:46]} {[%emt
00:00:36]} 29. Rxa5 {[%clk 00:58:42]} {[%emt 00:00:30]} Kb7 {[%clk 01:22:46]}
{[%emt 00:00:29]} 30. Rxc7+ {[%clk 00:58:50]} {[%emt 00:00:21]} Kb8 {[%clk
01:22:33]} {[%emt 00:00:43]} 31. Rxa6 {[%clk 00:57:53]} {[%emt 00:01:28]} Rc8
{[%clk 01:22:15]} {[%emt 00:00:47]} 32. Ra8+ {[%clk 00:58:09]} {[%emt
00:00:16]} Kxa8 {[%clk 01:22:20]} {[%emt 00:00:23]} 33. Qa4+ {[%clk 00:58:12]}
{[%emt 00:00:28]} Kb8 {[%clk 01:22:36]} {[%emt 00:00:14]} 34. Qa7# {[%clk
00:58:38]} {[%emt 00:00:05]} 1-0

[Event "ODJM C 2024"]
[Site "Willingen GER"]
[Date "2024.05.21"]
[Round "4"]
[White "Bräutigam, Viktoria"]
[Black "Hempel, Christian"]
[Result "0-1"]
[Termination "normal"]
[Board "40"]
[WhiteElo "863"]
[BlackElo "859"]
[WhiteClock "01:03:22"]
[BlackClock "01:10:43"]
[PlyCount "130"]
[WhiteFideId "34638652"]
[BlackFideId "34660470"]
[EventCountry "GER"]
[EventRounds "9"]
[EventType "swiss"]
[EventDate "2024.05.18"]

1. e4 {[%clk 01:30:58]} {[%emt 00:00:20]} e6 {[%clk 01:30:52]} 2. d4 {[%clk
01:31:20]} d5 {[%clk 01:31:11]} 3. e5 {[%clk 01:31:39]} c5 {[%clk 01:31:15]} 4.
c3 {[%clk 01:31:26]} Nc6 {[%clk 01:31:13]} 5. Nf3 {[%clk 01:31:28]} f6 {[%clk
01:31:04]} 6. Bf4 {[%clk 01:30:19]} Bd7 {[%clk 01:28:55]} 7. Be2 {[%clk
01:29:43]} Be7 {[%clk 01:28:40]} 8. Na3 {[%clk 01:29:15]} a6 {[%clk 01:28:03]}
9. O-O {[%clk 01:28:48]} cxd4 {[%clk 01:28:07]} 10. cxd4 {[%clk 01:28:31]} Bb4
{[%clk 01:27:52]} 11. Nc2 {[%clk 01:28:14]} fxe5 {[%clk 01:26:45]} 12. dxe5
{[%clk 01:26:52]} Nge7 {[%clk 01:26:45]} 13. a3 {[%clk 01:24:13]} Ba5 {[%clk
01:26:05]} 14. Qd3 {[%clk 01:21:49]} O-O {[%clk 01:25:34]} 15. Bg3 {[%clk
01:21:41]} Nf5 {[%clk 01:23:49]} 16. Bf4 {[%clk 01:21:29]} Nce7 {[%clk
01:19:19]} 17. b4 {[%clk 01:20:04]} Bb6 {[%clk 01:18:34]} 18. Ncd4 {[%clk
01:19:08]} Nxd4 {[%clk 01:13:36]} 19. Nxd4 {[%clk 01:18:48]} Rxf4 {[%clk
01:13:44]} 20. Nf3 {[%clk 01:17:43]} Nf5 {[%clk 01:13:24]} 21. Qd2 {[%clk
01:17:19]} Re4 {[%clk 01:12:28]} 22. Bd3 {[%clk 01:17:13]} Rd4 {[%clk
01:12:03]} 23. Nxd4 {[%clk 01:15:23]} Bxd4 {[%clk 01:12:24]} 24. Rac1 {[%clk
01:15:35]} Bxe5 {[%clk 01:10:17]} 25. Rce1 {[%clk 01:15:47]} Qc7 {[%clk
01:09:17]} 26. Rc1 {[%clk 01:11:05]} Qd6 {[%clk 01:08:57]} 27. g3 {[%clk
01:06:31]} d4 {[%clk 01:07:31]} 28. Be4 {[%clk 01:04:05]} Bc6 {[%clk 01:05:56]}
29. Bxc6 {[%clk 01:03:16]} bxc6 {[%clk 01:06:18]} 30. Qg5 {[%clk 01:01:24]} d3
31. Rcd1 {[%clk 01:01:15]} Nd4 {[%clk 01:06:11]} 32. Rxd3 {[%clk 01:00:40]}
Ne2+ {[%clk 01:06:12]} 33. Kg2 {[%clk 01:00:39]} Qxd3 {[%clk 01:06:19]} 34.
Qxe5 {[%clk 01:00:19]} Qd5+ {[%clk 01:05:24]} 35. Qxd5 {[%clk 01:00:30]} exd5
{[%clk 01:05:46]} 36. Re1 {[%clk 01:00:46]} Re8 {[%clk 01:06:00]} 37. Kf1
{[%clk 01:00:50]} Nxg3+ {[%clk 01:05:52]} 38. hxg3 {[%clk 01:01:08]} Rxe1+
{[%clk 01:04:53]} 39. Kxe1 {[%clk 01:01:04]} Kf7 {[%clk 01:05:12]} 40. Kd2
{[%clk 01:01:19]} Ke6 {[%clk 01:05:35]} 41. Kd3 {[%clk 01:01:37]} Ke5 {[%clk
01:05:53]} 42. Ke3 {[%clk 01:01:43]} g5 {[%clk 01:06:03]} 43. f4+ {[%clk
01:01:47]} gxf4+ {[%clk 01:06:23]} 44. gxf4+ {[%clk 01:01:57]} Kf5 {[%clk
01:06:46]} 45. Kf3 {[%clk 01:01:52]} d4 {[%clk 01:07:08]} 46. Ke2 {[%clk
01:01:54]} h5 {[%clk 01:07:32]} 47. Kd3 {[%clk 01:01:33]} h4 {[%clk 01:07:59]}
48. Ke2 {[%clk 01:01:22]} Kxf4 {[%clk 01:08:23]} 49. Kd3 {[%clk 01:01:25]} h3
{[%clk 01:08:44]} 50. Kxd4 {[%clk 01:01:47]} h2 {[%clk 01:09:07]} 51. Kc5
{[%clk 01:01:59]} h1=Q 52. Kb6 Qa1 {[%clk 01:08:25]} 53. Kxc6 {[%clk 01:02:07]}
Qxa3 {[%clk 01:08:48]} {[%emt 00:00:06]} 54. Kc5 {[%clk 01:02:08]} {[%emt
00:00:28]} a5 {[%clk 01:09:05]} {[%emt 00:00:15]} 55. Kc4 {[%clk 01:02:16]}
{[%emt 00:00:22]} Qxb4+ {[%clk 01:09:29]} {[%emt 00:00:06]} 56. Kd5 {[%clk
01:02:26]} {[%emt 00:00:19]} a4 {[%clk 01:09:26]} {[%emt 00:00:35]} 57. Kc6
{[%clk 01:02:41]} {[%emt 00:00:14]} a3 {[%clk 01:09:52]} {[%emt 00:00:04]} 58.
Kd5 {[%clk 01:02:54]} {[%emt 00:00:17]} a2 {[%clk 01:10:17]} {[%emt 00:00:06]}
59. Ke6 {[%clk 01:03:02]} {[%emt 00:00:22]} a1=R {[%emt 00:00:09]} 60. Kd5
{[%emt 00:00:21]} Rd1+ {[%clk 01:10:05]} {[%emt 00:00:12]} 61. Ke6 {[%clk
01:03:03]} {[%emt 00:00:28]} Qd6+ {[%clk 01:10:28]} {[%emt 00:00:08]} 62. Kf7
{[%clk 01:03:15]} {[%emt 00:00:17]} Rc1 {[%clk 01:10:45]} {[%emt 00:00:14]} 63.
Ke8 {[%clk 01:03:20]} {[%emt 00:00:24]} Ra1 {[%clk 01:10:25]} {[%emt 00:00:51]}
64. Kf7 {[%emt 00:00:36]} Ra7+ {[%clk 01:10:48]} 65. Ke8 {[%clk 01:03:22]}
{[%emt 00:00:27]} Qb8# {[%clk 01:10:43]} {[%emt 00:00:06]} 0-1

[Event "ODJM C 2024"]
[Site "Willingen GER"]
[Date "2024.05.21"]
[Round "4"]
[White "Buntin, Amelia Bernadette"]
[Black "Hirtzel, Amelie Meiyan"]
[Result "1-0"]
[Termination "normal"]
[Board "42"]
[WhiteElo "1096"]
[BlackElo "811"]
[WhiteClock "01:27:24"]
[BlackClock "01:30:28"]
[PlyCount "113"]
[WhiteFideId "34649581"]
[BlackFideId "533001898"]
[EventCountry "GER"]
[EventRounds "9"]
[EventType "swiss"]
[EventDate "2024.05.18"]

1. Nf3 {[%clk 01:30:57]} {[%emt 00:00:02]} c6 {[%clk 01:30:54]} 2. g3 {[%clk
01:31:21]} d5 {[%clk 01:31:18]} 3. Bg2 {[%clk 01:31:33]} Nf6 {[%clk 01:31:40]}
4. d3 {[%clk 01:31:45]} Bf5 {[%clk 01:31:58]} 5. O-O {[%clk 01:32:07]} e6
{[%clk 01:32:21]} 6. Nbd2 {[%clk 01:32:11]} Bd6 {[%clk 01:32:43]} 7. Nb3 {[%clk
01:31:39]} O-O {[%clk 01:32:45]} 8. Nbd4 {[%clk 01:31:50]} Bg4 {[%clk
01:32:22]} 9. c4 {[%clk 01:30:27]} Nbd7 {[%clk 01:32:19]} 10. h3 {[%clk
01:30:31]} Bxf3 {[%clk 01:32:31]} 11. Nxf3 {[%clk 01:30:48]} Ne5 {[%clk
01:32:34]} 12. d4 {[%clk 01:29:53]} Nxc4 {[%clk 01:32:30]} 13. b3 {[%clk
01:27:31]} Nb6 {[%clk 01:32:18]} 14. a4 {[%clk 01:26:36]} c5 {[%clk 01:32:35]}
15. dxc5 {[%clk 01:26:42]} Bxc5 {[%clk 01:32:55]} 16. Ba3 {[%clk 01:26:57]}
Bxa3 17. Rxa3 {[%clk 01:27:13]} Qd6 {[%clk 01:33:03]} 18. Ra2 {[%clk 01:27:15]}
Rac8 {[%clk 01:33:17]} 19. Rc2 {[%clk 01:27:17]} Rxc2 20. Qxc2 {[%clk
01:27:36]} Rc8 {[%clk 01:33:23]} 21. Qd2 {[%clk 01:27:51]} Ne4 {[%clk
01:33:11]} 22. Qd3 {[%clk 01:27:13]} Rc3 {[%clk 01:32:43]} 23. Qb5 {[%clk
01:26:58]} h6 {[%clk 01:32:37]} 24. a5 {[%clk 01:26:46]} Nd7 {[%clk 01:31:38]}
25. Qxb7 {[%clk 01:26:33]} Qc7 {[%clk 01:31:05]} 26. Qxc7 Rxc7 {[%clk
01:31:24]} 27. Nd4 {[%clk 01:26:03]} {[%emt 00:00:28]} Rb7 {[%clk 01:31:08]}
{[%emt 00:00:46]} 28. Rc1 {[%clk 01:25:11]} {[%emt 00:01:21]} Nd2 {[%clk
01:30:44]} {[%emt 00:00:53]} 29. Rc2 {[%clk 01:24:32]} {[%emt 00:01:10]} Nxb3
{[%clk 01:31:06]} {[%emt 00:00:08]} 30. Nxb3 {[%clk 01:24:53]} {[%emt
00:00:09]} Rxb3 {[%clk 01:31:29]} {[%emt 00:00:06]} 31. Rc7 {[%clk 01:25:07]}
{[%emt 00:00:16]} Ne5 {[%clk 01:31:03]} {[%emt 00:00:55]} 32. Rxa7 {[%clk
01:25:12]} {[%emt 00:00:26]} Ra3 {[%clk 01:31:18]} {[%emt 00:00:15]} 33. a6
{[%emt 00:00:16]} Nc6 {[%emt 00:00:12]} 34. Ra8+ {[%clk 01:25:05]} {[%emt
00:00:09]} Kh7 {[%clk 01:31:35]} {[%emt 00:00:12]} 35. e4 {[%clk 01:25:20]}
{[%emt 00:00:16]} d4 {[%clk 01:31:21]} {[%emt 00:00:43]} 36. e5 {[%clk
01:25:06]} {[%emt 00:00:43]} d3 {[%clk 01:29:40]} {[%emt 00:02:13]} 37. Bxc6
{[%clk 01:25:08]} {[%emt 00:00:29]} d2 {[%clk 01:29:55]} {[%emt 00:00:15]} 38.
Rd8 {[%clk 01:25:15]} {[%emt 00:00:22]} Ra2 {[%clk 01:29:35]} {[%emt 00:00:50]}
39. Rd7 {[%clk 01:24:31]} {[%emt 00:01:15]} f5 {[%clk 01:28:37]} {[%emt
00:01:28]} 40. Kg2 {[%clk 01:24:28]} {[%emt 00:00:33]} Kg6 {[%clk 01:28:21]}
{[%emt 00:00:46]} 41. Bf3 {[%clk 01:24:45]} {[%emt 00:00:12]} Kh7 {[%clk
01:27:51]} {[%emt 00:01:01]} 42. a7 {[%clk 01:24:38]} {[%emt 00:00:37]} Kg8
{[%clk 01:27:27]} {[%emt 00:00:51]} 43. a8=Q+ {[%emt 00:00:30]} Rxa8 {[%clk
01:27:28]} {[%emt 00:00:19]} 44. Bxa8 {[%clk 01:25:11]} {[%emt 00:00:08]} d1=Q
{[%emt 00:00:17]} 45. Rxd1 {[%clk 01:25:27]} {[%emt 00:00:10]} g5 {[%clk
01:28:07]} {[%emt 00:00:08]} 46. Rd6 {[%clk 01:25:44]} {[%emt 00:00:15]} Kf7
{[%clk 01:28:26]} {[%emt 00:00:11]} 47. g4 {[%clk 01:25:56]} {[%emt 00:00:17]}
f4 {[%clk 01:28:28]} {[%emt 00:00:28]} 48. Bc6 {[%clk 01:26:04]} {[%emt
00:00:23]} Ke7 {[%clk 01:28:37]} {[%emt 00:00:20]} 49. Bd7 {[%clk 01:26:13]}
{[%emt 00:00:21]} Kf7 {[%clk 01:28:48]} {[%emt 00:00:18]} 50. Rxe6 {[%clk
01:26:15]} {[%emt 00:00:28]} Kg7 {[%clk 01:29:04]} {[%emt 00:00:14]} 51. Rd6
{[%clk 01:26:30]} {[%emt 00:00:17]} Kh7 {[%clk 01:29:14]} {[%emt 00:00:20]} 52.
e6 {[%clk 01:26:54]} {[%emt 00:00:06]} Kg7 {[%clk 01:29:36]} {[%emt 00:00:08]}
53. e7 {[%clk 01:27:13]} {[%emt 00:00:11]} Kh7 {[%clk 01:29:49]} {[%emt
00:00:16]} 54. e8=Q {[%emt 00:00:07]} Kg7 {[%emt 00:00:12]} 55. Qe7+ {[%clk
01:27:09]} {[%emt 00:00:14]} Kg8 {[%clk 01:30:08]} {[%emt 00:00:09]} 56. Rg6+
{[%clk 01:27:29]} {[%emt 00:00:12]} Kh8 {[%clk 01:30:28]} {[%emt 00:00:09]} 57.
Qg7# {[%clk 01:27:24]} {[%emt 00:00:06]} 1-0

[Event "ODJM C 2024"]
[Site "Willingen GER"]
[Date "2024.05.21"]
[Round "4"]
[White "Neumann, Viktoria"]
[Black "Wagner, Valentin Thien-Phu"]
[Result "1/2-1/2"]
[Termination "normal"]
[Board "44"]
[WhiteElo "769"]
[BlackElo "863"]
[WhiteClock "01:19:39"]
[BlackClock "01:03:20"]
[PlyCount "57"]
[WhiteFideId "34697292"]
[BlackFideId "34603492"]
[EventCountry "GER"]
[EventRounds "9"]
[EventType "swiss"]
[EventDate "2024.05.18"]

1. d4 {[%clk 01:30:58]} {[%emt 00:03:10]} d5 {[%clk 01:30:38]} 2. Bf4 {[%clk
01:31:12]} Nc6 {[%clk 01:30:36]} 3. e3 {[%clk 01:31:22]} f6 {[%clk 01:30:55]}
4. Nf3 {[%clk 01:31:14]} Bf5 {[%clk 01:31:00]} 5. c4 {[%clk 01:31:17]} e6
{[%clk 01:30:58]} 6. Nc3 {[%clk 01:31:06]} Bb4 {[%clk 01:30:51]} 7. a3 {[%clk
01:30:29]} Bxc3+ {[%clk 01:30:18]} 8. bxc3 {[%clk 01:30:27]} g5 {[%clk
01:29:53]} 9. Bg3 {[%clk 01:29:23]} g4 {[%clk 01:28:08]} 10. Nh4 {[%clk
01:29:15]} Nh6 {[%clk 01:28:25]} 11. c5 {[%clk 01:27:54]} e5 {[%clk 01:26:09]}
12. dxe5 {[%clk 01:27:28]} fxe5 {[%clk 01:25:36]} 13. Nxf5 {[%clk 01:27:30]}
Nxf5 {[%clk 01:25:45]} 14. Qxg4 {[%clk 01:26:00]} Qf6 {[%clk 01:23:42]} 15. Be2
Nh6 {[%clk 01:20:43]} {[%emt 00:00:14]} 16. Qh4 {[%clk 01:24:05]} {[%emt
00:01:57]} Qxh4 {[%clk 01:20:59]} {[%emt 00:00:14]} 17. Bxh4 {[%clk 01:24:04]}
{[%emt 00:00:32]} O-O {[%clk 01:14:36]} {[%emt 00:06:53]} 18. O-O {[%clk
01:23:59]} {[%emt 00:00:35]} Kh8 {[%clk 01:14:16]} {[%emt 00:00:50]} 19. c4
{[%clk 01:23:54]} {[%emt 00:00:36]} Nf5 {[%clk 01:14:03]} {[%emt 00:00:38]} 20.
Bg5 {[%clk 01:23:22]} {[%emt 00:01:06]} Rg8 {[%clk 01:14:18]} {[%emt 00:00:16]}
21. Bf6+ {[%clk 01:23:18]} {[%emt 00:00:33]} Ng7 {[%clk 01:14:24]} {[%emt
00:00:23]} 22. cxd5 {[%clk 01:23:12]} {[%emt 00:00:37]} Raf8 {[%clk 01:10:44]}
{[%emt 00:04:05]} 23. Bg5 {[%clk 01:21:49]} {[%emt 00:01:58]} Nd8 {[%clk
01:10:25]} {[%emt 00:00:49]} 24. e4 {[%emt 00:00:45]} Nf7 {[%clk 01:08:31]}
{[%emt 00:02:14]} 25. Bd2 {[%clk 01:21:09]} {[%emt 00:01:06]} c6 {[%clk
01:08:30]} {[%emt 00:00:31]} 26. d6 {[%clk 01:21:13]} {[%emt 00:00:26]} b6
{[%clk 01:08:31]} {[%emt 00:00:30]} 27. Bc3 {[%clk 01:20:18]} {[%emt 00:01:24]}
bxc5 {[%clk 01:05:19]} {[%emt 00:03:42]} 28. Rad1 {[%clk 01:20:13]} {[%emt
00:00:35]} Rd8 {[%clk 01:03:20]} {[%emt 00:02:28]} 29. Ba5 {[%clk 01:19:39]}
{[%emt 00:01:05]} 1/2-1/2

[Event "ODJM C 2024"]
[Site "Willingen GER"]
[Date "2024.05.22"]
[Round "5"]
[White "Classen, Marnin"]
[Black "Schilay, Vinzenz"]
[Result "0-1"]
[Termination "normal"]
[Board "1"]
[WhiteElo "1654"]
[BlackElo "1143"]
[WhiteClock "00:44:36"]
[BlackClock "00:50:26"]
[PlyCount "62"]
[WhiteFideId "34623833"]
[BlackFideId "12983209"]
[EventCountry "GER"]
[EventRounds "9"]
[EventType "swiss"]
[EventDate "2024.05.18"]

1. e4 {[%clk 01:30:58]} {[%emt 00:00:01]} e5 {[%clk 01:30:57]} {[%emt
00:00:03]} 2. Nf3 {[%clk 01:31:26]} {[%emt 00:00:03]} Nc6 {[%clk 01:31:22]}
{[%emt 00:00:05]} 3. Bc4 {[%clk 01:31:40]} {[%emt 00:00:15]} Be7 {[%clk
01:30:26]} {[%emt 00:01:26]} 4. c3 {[%clk 01:31:19]} {[%emt 00:00:52]} Nf6
{[%clk 01:30:24]} {[%emt 00:00:31]} 5. d3 {[%clk 01:31:31]} {[%emt 00:00:18]}
d5 {[%clk 01:30:31]} {[%emt 00:00:24]} 6. exd5 {[%clk 01:31:54]} {[%emt
00:00:06]} Nxd5 {[%clk 01:30:55]} {[%emt 00:00:06]} 7. O-O {[%clk 01:32:12]}
{[%emt 00:00:11]} Be6 {[%clk 01:30:32]} {[%emt 00:00:55]} 8. h3 {[%emt
00:00:11]} O-O {[%clk 01:30:54]} {[%emt 00:00:03]} 9. Re1 {[%clk 01:33:02]}
{[%emt 00:00:03]} f6 {[%clk 01:31:02]} {[%emt 00:00:23]} 10. d4 {[%clk
01:33:23]} {[%emt 00:00:09]} Qd6 {[%clk 01:28:54]} {[%emt 00:02:38]} 11. dxe5
{[%clk 01:32:12]} {[%emt 00:01:41]} fxe5 {[%clk 01:29:02]} {[%emt 00:00:21]}
12. Qe2 {[%clk 01:31:28]} {[%emt 00:01:14]} Bf6 {[%clk 01:27:06]} {[%emt
00:02:27]} 13. Rd1 {[%clk 01:30:37]} {[%emt 00:01:21]} Rad8 {[%clk 01:25:57]}
{[%emt 00:01:40]} 14. Bg5 {[%clk 01:25:27]} {[%emt 00:05:39]} Kh8 {[%clk
01:23:37]} {[%emt 00:02:50]} 15. Bxf6 {[%clk 01:24:37]} {[%emt 00:01:20]} Rxf6
{[%clk 01:22:39]} {[%emt 00:01:28]} 16. Na3 {[%clk 01:22:55]} {[%emt 00:02:11]}
Rg6 {[%clk 01:19:09]} {[%emt 00:04:00]} 17. Nb5 {[%clk 01:17:43]} {[%emt
00:05:43]} Qe7 {[%clk 01:13:36]} {[%emt 00:06:03]} 18. Nxe5 {[%clk 01:14:22]}
{[%emt 00:03:51]} Rxg2+ {[%clk 01:10:09]} {[%emt 00:03:56]} 19. Kh1 {[%clk
01:06:59]} {[%emt 00:07:53]} Rf8 {[%clk 01:06:48]} {[%emt 00:03:51]} 20. Ng4
{[%clk 00:58:49]} {[%emt 00:08:40]} Qh4 {[%clk 01:02:53]} {[%emt 00:04:24]} 21.
Qd3 {[%clk 00:45:38]} {[%emt 00:13:42]} Nf4 {[%clk 00:56:59]} {[%emt 00:06:25]}
22. Qf3 {[%clk 00:43:52]} {[%emt 00:02:16]} Bxg4 {[%clk 00:57:03]} {[%emt
00:00:25]} 23. Qe3 {[%clk 00:43:29]} {[%emt 00:00:53]} Bxh3 {[%clk 00:55:08]}
{[%emt 00:02:26]} 24. Qg3 {[%clk 00:42:57]} {[%emt 00:01:02]} Rxg3 {[%clk
00:53:11]} {[%emt 00:02:26]} 25. fxg3 {[%clk 00:43:05]} {[%emt 00:00:23]} Qxg3
{[%clk 00:53:07]} {[%emt 00:00:33]} 26. Rd2 {[%clk 00:43:31]} {[%emt 00:00:05]}
Qh4 {[%clk 00:52:14]} {[%emt 00:01:23]} 27. Rad1 {[%clk 00:43:30]} {[%emt
00:00:31]} Bf1+ {[%clk 00:51:31]} {[%emt 00:01:12]} 28. Kg1 {[%clk 00:43:45]}
{[%emt 00:00:15]} Bxc4 {[%clk 00:50:29]} {[%emt 00:01:32]} 29. Nxc7 {[%clk
00:44:03]} {[%emt 00:00:12]} Be2 {[%clk 00:49:58]} {[%emt 00:01:01]} 30. Rxe2
{[%clk 00:44:15]} {[%emt 00:00:17]} Nxe2+ {[%clk 00:50:11]} {[%emt 00:00:18]}
31. Kg2 {[%clk 00:44:36]} {[%emt 00:00:09]} Rf2# {[%clk 00:50:26]} {[%emt
00:00:15]} 0-1